| 000 | 01155nam0a22002771 4500 | ||
|---|---|---|---|
| 001 | rc\797534 | ||
| 005 | 20250621234602.0 | ||
| 035 | _a(NLR Aleph) 005981872 | ||
| 090 |
_a7037082 _c7037082 |
||
| 100 | _a20041129d1983 |||y0rusy50 ca | ||
| 101 | 0 | _arus | |
| 102 | _aRU | ||
| 105 | _ay ||||||||| | ||
| 200 | 1 |
_aМагнитные примеси в полупроводниках. Учет влияния ковалентности и электрон-колебательного взаимодействия _fВ.М. Крамарь, С.В. Мельничук, В.М. Ницович |
|
| 210 |
_aКиев _cИТФ _d1983 |
||
| 215 |
_a22 с. _d20 |
||
| 225 | 1 |
_aПрепринт _fАН УССР, Ин-т теорет. физики _vИТФ-82-163Р |
|
| 320 | _aБиблиогр.: с. 20-22 (25 назв.) | ||
| 700 | 1 |
_aКрамарь _bВ.М. _gВалерий Максимович |
|
| 701 | 1 |
_aМельничук _bС.В. _gСтепан Васильевич |
|
| 701 | 1 |
_aНицович _bВ.М. _gВладимир Михайлович |
|
| 801 | 0 |
_aRU _bNLR _gpsbo |
|
| 801 | 1 |
_aRU _bELAR _2rusmarc |
|
| 852 |
_aNLR _j83-4/27240 |
||
| 942 | _cBOOK | ||
| 980 | _aNB | ||